| 000 | 00883nam a2200205 a 4500 | ||
|---|---|---|---|
| 001 | 000041410 | ||
| 005 | 20201002034850.0 | ||
| 008 | 131002s1989 sp 001 0 spa d | ||
| 020 | _a8400069617 | ||
| 040 |
_aDO-SdBNP _bspa _cBNPHU |
||
| 100 | 1 |
_aRodríguez Adrados, Francisco _918641 |
|
| 245 | 1 | 0 |
_aEmerita : _brevista de lingüística y filología clásica : índices de los volúmenes XXVIII-L / _credactadas por Francisco Rodríguez Adrados, Ciriaca Morano Rodríguez y Petra Benito Olalla. |
| 260 |
_aMadrid : _bInstituto de Filología, _c1989. |
||
| 300 |
_aVIII, 321 p. ; _c25 cm. |
||
| 490 | 1 |
_aManuales y anejos de "Emerita" _v85 |
|
| 700 | 1 | 2 |
_aMorano Rodríguez, Ciriaca _968067 |
| 700 | 1 | 2 |
_aBenito Olalla, Petra _968068 |
| 710 | 1 | 2 |
_aInstituto de Filología (Consejo Superior de Investigaciones Científicas) _968069 |
| 830 | 0 |
_aManuales y anejos de "Emerita" _v85 _963832 |
|
| 999 |
_c40900 _d40900 |
||